00493cam a2200193 a 4500001000800000005001700008008004100025010001700066020002200083040002300105041000800128060001700136080001100153082001500164100000600179101000800185245007400193504003200267380590820180822073456.0850910s1986 au a b 001 0 eng c a 85022260  a0387818782 (U.S.) aDNLM/DLCcDLCdDLC aeng aWL 368 B742s a617.4800a617.482191 a7 aNEU10aStereotactic techniques in clinical neurosurgery /cD. Andries Bosch. aBibliography: p. [250]-272.